000 01383nam0a22002771 4500
001 rc\4683646
005 20260406050632.0
021 _aRU
_b[58-8477]
035 _a(NLR Aleph) 008709377
090 _a9348474
_c9348474
100 _a20130416d1958 |||y0rusy50 ca
101 0 _arus
102 _aRU
105 _aa b |||||
200 1 _aПроектирование кулачковых механизмов с вращающимся толкателем
_fПод ред. проф. д-ра техн. наук Л.Н. Решетова
_gМ-во высш. образования СССР. Моск. ордена Ленина и ордена Труд. Красного Знамени высш. техн. училище им. Баумана. Кафедра теории механизмов и машин
210 _aМосква
_cБ. и.
_d1958
215 _a23 с., 1 л. черт.
_cчерт.
_d20
606 _aКулачковые механизмы
_xКурсовое проектирование
_2psbo
700 1 _8rus
_7ca
_aПопов
_bС. А.
_cканд. техн. наук, абразивная обработка
_f1922-
_gСергей Александрович
_3RU\NLR\AUTH\776080
_9116035
702 1 _aРешетов
_bЛ.Н.
_4340
801 0 _aRU
_bNLR
_gpsbo
801 1 _aRU
_bELAR
_2rusmarc
852 _aNLR
_j58-4/3164
942 _cBOOK
980 _aNB